Responses for Show #3881 - Monday, June 18, 2001

Contestants

[<< previous game]

Stuart Leeman, an executive from Coral Springs, Florida

Chip Rossetti, an editor from Brooklyn, New York

Kara Miller, a graduate student from Carlisle, Massachusetts (whose 1-day cash winnings total $8,100)

[next game >>]

Jeopardy! Round responses

CITY LIT
MODES OF TRANSPORT
THEY PUT ME ON HOLD AGAIN!
COLLECTOR'S CORNER
"MOO"
COW
    $100 1
Paris

Chip
    $100 6
(Stuart: What is a tire?)

a blimp

KaraStuart
    $100 16
"Loco-Motion"

Chip
    $100 11
Forbes

Kara
    $100 21
Moonstruck

Chip
    $100 26
(Stuart: Who is Mrs. Leary... [*]?)
(Alex: You said it after I ruled against you.)

Mrs. O'Leary

Stuart
Triple Stumper
    $200 2
Brooklyn

Stuart
    $200 7
Volkswagen Beetle (car)

Stuart
    $200 17
"Raindrops Keep Fallin' On My Head"

Stuart
    $200 12
Princess Diana

Chip
    $200 22
Moot

Chip
    $200 27
Elsie

Chip
    $300 3
Pittsburgh

Stuart
    $300 8
Plane

Chip
    $300 18
"Do You Know, Do You Know Where You're Going To?"

Triple Stumper
    $300 13
Shirley Temple

Stuart
    $300 23
(Stuart: What is moo goo gai pan?)
...
(Alex: That's made with chicken.)

moo shu pork

KaraStuart
    $300 28
(Stuart: What is 7?)

4

Stuart
Triple Stumper
    $500 4
Canterbury

Stuart
    $400 9
Motorcycles

Stuart
    $400 19
"Mack The Knife"

Chip
    $400 14
Butterfly McQueen

Stuart
    $400 24
Moonchild/moonchildren

Triple Stumper
    $400 29
Guernsey or Jersey

Chip
    $500 5
Venice

Stuart
    $500 10
Ship

Stuart
    $500 20
"There Goes My Baby"

Kara
    $500 15
(Stuart: What is Lladro?)

Royal Doulton

Stuart
Triple Stumper
    $500 25
"Minnie The Moocher"

Stuart
    $500 30
Kobe

Chip

Scores at the first commercial break (after clue 15):

Kara Chip Stuart
$200 $600 $2,700

Scores at the end of the Jeopardy! Round:

Kara Chip Stuart
$1,000 $2,500 $2,700

Double Jeopardy! Round responses

CLASSICAL MUSIC
(Alex: That's a category we haven't used in a long time.)
AT THE MOVIES
MAD ABOUT MADAGASCAR
(Alex: And who isn't?)
"C" FOOD
REAL BOHEMIANS
MYTHOLOGICAL RHYME TIME
    $200 21
J.S. Bach

Kara
    $200 15
The Magnificent Seven

Chip
    $200 20
Borneo (or Greenland or New Guinea)

Stuart
    $200 1
chili

Kara
    $200 6
(Kara: What is Hungary?)

Czechoslovakia

KaraChip
    $200 16
Helen's melons

Kara
    $400 22
F.J. Haydn

Triple Stumper
    $400 9
Stuart Little

Chip
    $400 2
custard

Stuart
    $400 7
pawns

Chip
    $400 17
a Grail pail

Stuart
    $600 23
Vienna

Stuart
    $600 10
Four Weddings and a Funeral ("The Wedding March")

Chip
    $600 27
vanilla

Chip
    $600 3
chimichangas

Kara
    $600 8
Conservative

Kara
    $600 18
Hel's bells

Kara
    $800 24
(Alex: ...and we have less than a minute to go.)

Camille Saint-Saens

Stuart
    $800 11
Oliver Cromwell

Chip
    $800 28
[The end-of-round signal sounds.]

the Malagasy Republic

Triple Stumper
    $800 4
a calzone

Chip
    $800 13
Hapsburg

Chip
    $800 19
Saturn's patterns

Triple Stumper
    $1000 25
(Chip: What is Munich?)

Bayreuth

Chip
Triple Stumper
    $1000 12
(Kara: Who was Virgil?)
...
(Alex: Answered correctly by Chip Rossetti!)

Dante Gabriel Rossetti

KaraChip
    $1000 5
crookneck

Triple Stumper
    $1000 14
Josef Korbel

Kara
    $1000 26
Horus' choruses

Stuart

Scores at the end of the Double Jeopardy! Round:

Kara Chip Stuart
$3,200 $7,300 $6,100

[wagering suggestions for these scores]

Final Jeopardy! Round responses

POETRY
KaraWhat is Jail?
$3,200
StuartWhat is The Asylum
$3,900
ChipWhat is Reading Gaol?
$4,901
(The Ballad of) Reading Gaol

Final scores:

Kara Chip Stuart
$0 $12,201 $2,200
3rd place: Sony Card $1,000 Shopping Spree New champion: $12,201 2nd place: Trip to Beaches Resort & Spa, Turks & Caicos

Game dynamics:

Coryat scores:

Kara Chip Stuart
$3,200 $7,300 $6,000
11 R,
2 W
20 R
(including 1 DD),
1 W
17 R
(including 1 DD),
5 W

Combined Coryat: $16,500

[game clues] [game scores] [suggest correction]

Game tape date: 2001-02-28
The J! Archive is created by fans, for fans. Scraping, republication, monetization, and malicious use prohibited; this site may use cookies and collect identifying information. See terms. The Jeopardy! game show and all elements thereof, including but not limited to copyright and trademark thereto, are the property of Jeopardy Productions, Inc. and are protected under law. This website is not affiliated with, sponsored by, or operated by Jeopardy Productions, Inc. Join the discussion at JBoard.tv.